[Event "EU-ch (Women) 24th"]
[Site "Rhodes"]
[Date "2024.04.26"]
[Round "7"]
[White "Blagojevic, Tijana"]
[Black "Savina, Anastasia"]
[Result "1/2-1/2"]
[WhiteElo "2218"]
[BlackElo "2330"]
[PlyCount "37"]
[EventDate "2024.04.19"]
[EventType "swiss"]
[EventRounds "10"]
[EventCountry "GRE"]
[SourceTitle "CB18_2024"]
[SourceDate "2024.05.01"]
[SourceVersion "1"]
[SourceVersionDate "2024.05.01"]
[SourceQuality "2"]

1. e4 c5 2. Nf3 Nc6 3. Bb5 e6 4. Bxc6 bxc6 5. d3 Qc7 6. e5 f6 7. Qe2 fxe5 8. Nxe5 Nf6 9. Nd2 Be7 10. f4 0-0 11. 0-0 d6 12. Nec4 Bd7 13. Nf3 Nd5 14. Qe4 Rf5 15. Ne3 Rff8 16. Nc4 Rf5 17. Ne3 Rff8 18. Nc4 Rf5 19. Ne3 1/2-1/2

[Event "EU-ch (Women) 24th"]
[Site "Rhodes"]
[Date "2024.04.25"]
[Round "6"]
[White "Kakulidis, Ellen"]
[Black "Blagojevic, Tijana"]
[Result "0-1"]
[WhiteElo "2062"]
[BlackElo "2218"]
[PlyCount "76"]
[EventDate "2024.04.19"]
[EventType "swiss"]
[EventRounds "10"]
[EventCountry "GRE"]
[SourceTitle "CB18_2024"]
[SourceDate "2024.05.01"]
[SourceVersion "1"]
[SourceVersionDate "2024.05.01"]
[SourceQuality "2"]

1. d4 d5 2. c4 e6 3. g3 Nf6 4. Bg2 Nc6 5. Nf3 Bd6 6. 0-0 0-0 7. Nc3 dxc4 8. e4 e5 9. d5 Na5 10. b3 b6 11. Nd2 cxb3 12. axb3 Bg4 13. Qc2 Nb7 14. Nc4 Nd7 15. Nb5 a6 16. Nbxd6 cxd6 17. f4 exf4 18. Bxf4 b5 19. Ne3 Bh5 20. Kh1 g5 21. Qf2 Bg6 22. Nf5 Bxf5 23. exf5 gxf4 24. Qxf4 f6 25. g4 Ne5 26. h4 Rf7 27. g5 Rg7 28. gxf6 Qxf6 29. Bh3 Kh8 30. Rg1 Rxg1+ 31. Rxg1 Rg8 32. Rg5 Nc5 33. Qe3 h6 34. Rg6 Rxg6 35. fxg6 Qxg6 36. Qf4 Qe4+ 37. Qxe4 Nxe4 38. b4 Nf2+ 0-1

[Event "Belgrade Serbia op"]
[Site "Belgrade"]
[Date "2023.07.22"]
[Round "7"]
[White "Blagojevic, Tijana"]
[Black "Bozinovic, Boban"]
[Result "1-0"]
[WhiteElo "2174"]
[BlackElo "1954"]
[PlyCount "111"]
[EventDate "2023.07.16"]
[EventType "swiss"]
[EventRounds "9"]
[EventCountry "SRB"]
[SourceTitle "CBM 215 Extra"]
[Source "ChessBase"]
[SourceDate "2023.09.30"]
[SourceVersion "1"]
[SourceVersionDate "2023.09.30"]
[SourceQuality "1"]

1. e4 c5 2. Nf3 Nc6 3. Bb5 a6 4. Bxc6 dxc6 5. 0-0 Qc7 6. d4 cxd4 7. Qxd4 c5 8. Qe5 Qxe5 9. Nxe5 f6 10. Nc4 b5 11. Nb6 Rb8 12. Nxc8 Rxc8 13. a4 b4 14. c4 e6 15. Nd2 Nh6 16. Nb3 Nf7 17. Be3 Ne5 18. Rac1 Ng4 19. Bf4 g5 20. Bg3 h5 21. h4 gxh4 22. Bxh4 Be7 23. Rfd1 Rg8 24. Rd2 Ne5 25. Bg3 h4 26. Bxe5 fxe5 27. Rd3 Rc7 28. Rcd1 Rg4 29. Nd2 Rg7 30. Kf1 Rg4 31. Re1 Rd7 32. Rxd7 Kxd7 33. Nf3 Bf6 34. Kg1 Kd6 35. Kh2 Ke7 36. Kh3 Rf4 37. Re3 Bg7 38. Re2 Bf6 39. Re1 Bg7 40. Re3 Bh8 41. Re2 Bf6 42. Ne1 Bg7 43. Nd3 Rf8 44. Kxh4 Kd6 45. Rd2 Kc6 46. Rd1 Bf6+ 47. Kg3 Rf7 48. b3 Rd7 49. Kf3 Rd4 50. Nb2 a5 51. Rxd4 exd4 52. Nd3 Be7 53. Kf4 Bf6 54. Kg4 Be7 55. f4 Kd7 56. Kh5 1-0

[Event "Belgrade Serbia op"]
[Site "Belgrade"]
[Date "2023.07.17"]
[Round "2"]
[White "Karaivanova, Petya F"]
[Black "Blagojevic, Tijana"]
[Result "1/2-1/2"]
[WhiteElo "1841"]
[BlackElo "2174"]
[PlyCount "47"]
[EventDate "2023.07.16"]
[EventType "swiss"]
[EventRounds "9"]
[EventCountry "SRB"]
[SourceTitle "CBM 215 Extra"]
[Source "ChessBase"]
[SourceDate "2023.09.30"]
[SourceVersion "1"]
[SourceVersionDate "2023.09.30"]
[SourceQuality "1"]

1. e4 c6 2. d4 d5 3. e5 c5 4. Nf3 cxd4 5. Nxd4 Nc6 6. Nxc6 bxc6 7. Be2 Qc7 8. f4 e6 9. 0-0 Ne7 10. Kh1 Ng6 11. c4 dxc4 12. Bxc4 Be7 13. Nc3 0-0 14. Be3 Bb7 15. Qe2 c5 16. Ba6 Bc6 17. Bb5 Nh4 18. Bxc6 Qxc6 19. Rac1 f6 20. exf6 Bxf6 21. Bg1 Rab8 22. Ne4 Bxb2 23. Rxc5 Qe8 24. Rc7 1/2-1/2

[Event "Dubai op-A 23rd"]
[Site "Dubai"]
[Date "2023.05.31"]
[Round "5"]
[White "Uskov, Artem"]
[Black "Blagojevic, Tijana"]
[Result "1-0"]
[WhiteElo "2367"]
[BlackElo "2203"]
[PlyCount "85"]
[EventDate "2023.05.27"]
[EventType "swiss"]
[EventRounds "9"]
[EventCountry "UAE"]
[SourceTitle "CBM 214 Extra"]
[Source "ChessBase"]
[SourceDate "2023.07.31"]
[SourceVersion "1"]
[SourceVersionDate "2023.07.31"]
[SourceQuality "1"]

1. Nf3 d5 2. e3 Nf6 3. c4 e6 4. b3 Bd6 5. Bb2 0-0 6. d4 b6 7. Nc3 Bb7 8. Rc1 a6 9. cxd5 exd5 10. g3 c5 11. Bg2 c4 12. Nd2 Qe7 13. 0-0 b5 14. e4 Nxe4 15. Ncxe4 dxe4 16. bxc4 e3 17. fxe3 Qxe3+ 18. Rf2 Bxg2 19. Kxg2 bxc4 20. Nxc4 Qe4+ 21. Rf3 Be7 22. d5 Nd7 23. Ne3 Rab8 24. Ba1 Bf6 25. Rc4 Qb1 26. Qxb1 Rxb1 27. Bxf6 Nxf6 28. Ra4 Rb2+ 29. Kh3 Ra8 30. Nc4 Rc2 31. d6 Nd7 32. Re3 Kf8 33. Na5 Re8 34. Rxe8+ Kxe8 35. Re4+ Kf8 36. Re7 Nf6 37. Rc7 Rd2 38. Rc8+ Ne8 39. Nc4 Rd4 40. Rd8 Rxc4 41. d7 Re4 42. Ra8 g5 43. d8Q 1-0

[Event "Dubai op-A 23rd"]
[Site "Dubai"]
[Date "2023.05.29"]
[Round "3"]
[White "Miladinovic, Igor"]
[Black "Blagojevic, Tijana"]
[Result "1-0"]
[WhiteElo "2507"]
[BlackElo "2203"]
[PlyCount "61"]
[EventDate "2023.05.27"]
[EventType "swiss"]
[EventRounds "9"]
[EventCountry "UAE"]
[SourceTitle "CBM 214 Extra"]
[Source "ChessBase"]
[SourceDate "2023.07.31"]
[SourceVersion "1"]
[SourceVersionDate "2023.07.31"]
[SourceQuality "1"]

1. c4 e5 2. Nc3 Bb4 3. e3 Nf6 4. Nge2 0-0 5. a3 Be7 6. Ng3 d5 7. cxd5 Nxd5 8. Qc2 c5 9. Nxd5 Qxd5 10. Bd3 g6 11. h4 Nc6 12. h5 Kg7 13. b3 Be6 14. Rb1 Rad8 15. Be4 Qd6 16. Bb2 Bd5 17. hxg6 hxg6 18. f4 Rh8 19. Ke2 Rxh1 20. Rxh1 Rh8 21. Rxh8 Kxh8 22. fxe5 Nxe5 23. Bxd5 Qxd5 24. Qe4 Qxe4 25. Nxe4 f6 26. Bxe5 fxe5 27. a4 a6 28. Kd3 b5 29. axb5 axb5 30. Nc3 b4 31. Ne4 1-0

[Event "Gligoric Cup (Women) 9th"]
[Site "Paracin"]
[Date "2023.05.18"]
[Round "4.11"]
[White "Blagojevic, Tijana"]
[Black "Benderac, Ana"]
[Result "0-1"]
[WhiteElo "2203"]
[BlackElo "2078"]
[PlyCount "134"]
[EventDate "2023.05.16"]
[EventType "team-swiss"]
[EventRounds "5"]
[EventCountry "SRB"]
[SourceTitle "CBM 215 Extra"]
[Source "ChessBase"]
[SourceDate "2023.09.30"]
[SourceVersion "1"]
[SourceVersionDate "2023.09.30"]
[SourceQuality "1"]
[WhiteTeam "Sremska Mitrovica Sirmium (W)"]
[BlackTeam "Nis Osnovac (W)"]
[WhiteTeamCountry "SRB"]
[BlackTeamCountry "SRB"]

1. e4 c5 2. Nf3 a6 3. c3 d5 4. exd5 Qxd5 5. d4 Nc6 6. Be3 cxd4 7. cxd4 e6 8. Nc3 Bb4 9. Bd3 Nf6 10. 0-0 Bxc3 11. bxc3 Na5 12. Qa4+ Bd7 13. Qb4 Rc8 14. Rab1 Nc4 15. Bg5 b5 16. Rfe1 h6 17. Bh4 Qh5 18. Re5 Nxe5 19. dxe5 Nd5 20. Qd6 g5 21. Bg3 Rc6 22. Qb8+ Rc8 23. Qd6 Rc6 24. Qb8+ Bc8 25. c4 bxc4 26. Nd4 cxd3 27. Nxc6 0-0 28. Qb2 Bd7 29. Nd4 Rc8 30. Qd2 Nc3 31. Re1 Qg4 32. f4 gxf4 33. Bxf4 Bc6 34. g3 Be4 35. Bxh6 Bg6 36. Be3 Nd5 37. Bf2 Rc4 38. Qb2 Rb4 39. Qa1 Kg7 40. Nb3 Nf4 41. Qd1 Ne2+ 42. Rxe2 Qxe2 43. Qxe2 dxe2 44. Be1 Rc4 45. Kf2 Rc2 46. a4 Ra2 47. a5 Ra3 48. Nc5 Bh5 49. Nxa6 Kg6 50. h3 Rf3+ 51. Kxe2 Rxg3+ 52. Kd2 Rxh3 53. Nc5 Kf5 54. Nd3 Bf3 55. Nf2 Rh4 56. Ke3 Bd5 57. Bc3 Ra4 58. Nd3 Re4+ 59. Kd2 Bc4 60. Nc5 Re2+ 61. Kc1 Bd5 62. Bb2 Be4 63. Bd4 Rc2+ 64. Kd1 Rc4 65. Bf2 Kxe5 66. a6 Kd6 67. a7 Rxc5 0-1

[Event "Gligoric Cup (Women) 9th"]
[Site "Paracin"]
[Date "2023.05.16"]
[Round "1.14"]
[White "Nikolic, Miljana"]
[Black "Blagojevic, Tijana"]
[Result "0-1"]
[WhiteElo "1628"]
[BlackElo "2203"]
[PlyCount "82"]
[EventDate "2023.05.16"]
[EventType "team-swiss"]
[EventRounds "5"]
[EventCountry "SRB"]
[SourceTitle "CBM 215 Extra"]
[Source "ChessBase"]
[SourceDate "2023.09.30"]
[SourceVersion "1"]
[SourceVersionDate "2023.09.30"]
[SourceQuality "1"]
[WhiteTeam "Nis Ekonomist (W)"]
[BlackTeam "Sremska Mitrovica Sirmium (W)"]
[WhiteTeamCountry "SRB"]
[BlackTeamCountry "SRB"]

1. e4 c5 2. Nf3 d6 3. d4 cxd4 4. Nxd4 Nf6 5. Nc3 a6 6. Be2 e5 7. Nf3 Be7 8. 0-0 0-0 9. Bg5 Nbd7 10. Qd2 b5 11. a3 Bb7 12. Bd3 Nc5 13. Rae1 Re8 14. Bxf6 Bxf6 15. Re2 Rc8 16. Rd1 g6 17. h3 Bg7 18. b4 Ne6 19. Nh2 Nf4 20. Ree1 Qg5 21. f3 Rxc3 22. h4 Nh3+ 23. Kh1 Qxd2 24. Rxd2 Nf4 25. Ra1 Rec8 26. Ng4 Nxd3 27. cxd3 Rc1+ 28. Rxc1 Rxc1+ 29. Kh2 h5 30. Nf2 Bh6 31. Rd1 Rxd1 32. Nxd1 Bc1 33. Kg3 Bxa3 34. Kf2 Bxb4 35. Ke2 a5 36. Ne3 a4 37. Kd1 Bc5 38. Nc2 b4 39. Kc1 b3 40. Na1 Bd4 41. Kb1 Ba6 0-1

[Event "Belgrade (Women) 54th"]
[Site "Belgrade"]
[Date "2023.05.09"]
[Round "2"]
[White "Eric, Jovana"]
[Black "Blagojevic, Tijana"]
[Result "1/2-1/2"]
[WhiteElo "2217"]
[BlackElo "2203"]
[PlyCount "61"]
[EventDate "2023.05.08"]
[EventType "tourn"]
[EventRounds "9"]
[EventCountry "SRB"]
[SourceTitle "CBM 214 Extra"]
[Source "ChessBase"]
[SourceDate "2023.07.31"]
[SourceVersion "1"]
[SourceVersionDate "2023.07.31"]
[SourceQuality "1"]

1. e4 c6 2. d4 d5 3. e5 c5 4. c3 Nc6 5. Be2 Bf5 6. Nf3 e6 7. 0-0 cxd4 8. cxd4 Nge7 9. Nc3 Bg4 10. Nh4 Bxe2 11. Nxe2 Ng6 12. Nf3 Be7 13. g3 f6 14. Nf4 Nxf4 15. Bxf4 0-0 16. Re1 f5 17. h4 Rc8 18. Rc1 Qb6 19. Re2 Rc7 20. Rec2 Rfc8 21. Kg2 Na5 22. Rxc7 Rxc7 23. Qa4 Rc6 24. Rxc6 Nxc6 25. Qc2 h6 26. Be3 Qd8 27. Qd2 Kh7 28. Qc2 Kg8 29. Qd2 Kh7 30. Qc2 Kg8 31. Qd2 1/2-1/2

[Event "EU-ch 23rd"]
[Site "Vrnjacka Banja"]
[Date "2023.03.12"]
[Round "10"]
[White "Blagojevic, Tijana"]
[Black "Alexakis, Dimitris"]
[Result "0-1"]
[WhiteElo "2238"]
[BlackElo "2472"]
[PlyCount "90"]
[EventDate "2023.03.03"]
[EventType "swiss"]
[EventRounds "11"]
[EventCountry "SRB"]
[SourceTitle "CBM 213"]
[Source "ChessBase"]
[SourceDate "2023.04.30"]
[SourceVersion "1"]
[SourceVersionDate "2023.04.30"]
[SourceQuality "1"]

1. e4 c5 2. Nf3 e6 3. g3 Nc6 4. d4 cxd4 5. Nxd4 a6 6. Bg2 Qc7 7. 0-0 d6 8. Nxc6 bxc6 9. c4 Nf6 10. Nc3 Nd7 11. b3 Be7 12. Ba3 0-0 13. Na4 Bb7 14. c5 d5 15. Re1 a5 16. Bf1 Rad8 17. Qe2 Nf6 18. e5 Nd7 19. Rad1 Rde8 20. Bh3 Kh8 21. Qe3 f5 22. Bf1 Rf7 23. f4 g5 24. Kh1 Rg8 25. Nc3 h5 26. Ne2 h4 27. gxh4 g4 28. h5 Nb8 29. Ng3 Ba6 30. Kg1 Bxf1 31. Kxf1 Na6 32. Qd4 Qa7 33. Rc1 Rb8 34. Rc2 Nb4 35. Bxb4 Rxb4 36. Qe3 Bf8 37. a3 Rb5 38. Rec1 d4 39. Qxd4 Rd7 40. Qc4 Rxc5 41. Qe2 Rxc2 42. Rxc2 Qd4 43. Rc4 Qa1+ 44. Kg2 Qxa3 45. Qf2 c5 0-1

[Event "EU-ch (Women) 22nd"]
[Site "Prague"]
[Date "2022.08.24"]
[Round "5"]
[White "Blagojevic, Tijana"]
[Black "Nilssen, Ellen Fredericia"]
[Result "1/2-1/2"]
[WhiteElo "2291"]
[BlackElo "2139"]
[PlyCount "59"]
[EventDate "2022.08.20"]
[EventType "swiss"]
[EventRounds "11"]
[EventCountry "CZE"]
[SourceTitle "CBM 209 Extra"]
[Source "ChessBase"]
[SourceDate "2022.09.30"]
[SourceVersion "1"]
[SourceVersionDate "2022.09.30"]
[SourceQuality "1"]

1. e4 c5 2. Nf3 d6 3. d4 cxd4 4. Qxd4 Nc6 5. Bb5 Bd7 6. Qd3 g6 7. 0-0 Bg7 8. c4 Nf6 9. h3 0-0 10. Nc3 a6 11. Bxc6 Bxc6 12. Nd4 Qb6 13. Rd1 Nd7 14. Be3 Qxb2 15. Rab1 Qa3 16. Nxc6 bxc6 17. Nd5 Qxd3 18. Nxe7+ Kh8 19. Rxd3 Ne5 20. Rxd6 Rae8 21. Nxc6 Nxc4 22. Rd3 Rxe4 23. Ba7 Rc8 24. Rb7 Bf8 25. Rd8 Rxd8 26. Nxd8 f6 27. g3 Kg8 28. Rc7 Re7 29. Bb8 Rxc7 30. Bxc7 1/2-1/2